Tilastot visalle Liput, joissa on Etelän risti

Klikkaa tästä pelataksesi tätä visaa!

Yleistilastot

  • Tätä visaa on pelattu 530 kertaa
  • Keskiarvotulos 4 / 5

Vastaustilastot

Vastaus% Oikein
Australia
97%
Uusi-Seelanti
97%
Papua-Uusi-Guinea
79%
Samoa
63%
Brasilia
23%

Tulosjakauma

Persentiili vastausten määrän mukaan

Jokaisen tuloksen saaneiden osuus

Tuloshistoriasi

Et ole pelannut tätä visaa